[Event "Giovanni Pico Cup 7th"]
[Site "Mirandola"]
[Date "2014.01.11"]
[Round "3"]
[White "Bianchin, Raffaele"]
[Black "Castellari, Claudio"]
[Result "0-1"]
[WhiteElo "1761"]
[BlackElo "1637"]
[PlyCount "98"]
[EventDate "2014.01.10"]
[EventType "swiss"]
[EventRounds "5"]
[EventCountry "ITA"]
[SourceTitle "EXT 2015"]
[Source "ChessBase"]
[SourceDate "2014.11.20"]
[SourceVersion "1"]
[SourceVersionDate "2014.11.20"]
[SourceQuality "1"]

1. e4 c5 2. Nf3 d6 3. d4 cxd4 4. Nxd4 Nf6 5. Nc3 g6 6. Bc4 Bg7 7. f3 Nc6 8. Be3 0-0 9. Qd2 Bd7 10. g4 Rb8 11. h4 Nxd4 12. Bxd4 b5 13. Bb3 a5 14. a3 a4 15. Ba2 b4 16. Nd5 b3 17. Nxf6+ exf6 18. cxb3 axb3 19. Bb1 Bb5 20. Be3 Qc7 21. Bd3 Bxd3 22. Qxd3 Qc2 23. Qd2 f5 24. Rc1 Qxd2+ 25. Bxd2 Bxb2 26. Rb1 Bxa3 27. gxf5 Rfc8 28. fxg6 hxg6 29. 0-0 Rc2 30. Bc1 b2 31. Be3 Rbc8 32. Bd4 Rc1 33. Bxb2 Rxf1+ 34. Kxf1 Rb8 35. Bxa3 Rxb1+ 36. Kg2 Rd1 37. Kg3 f6 38. Bb2 Kf7 39. Bc3 Ke6 40. Kg2 Rc1 41. Bd4 f5 42. Kg3 fxe4 43. fxe4 Rc4 44. Be3 Rxe4 45. Bg5 Kf5 46. Kf3 d5 47. Kf2 Kg4 48. Kf1 Kf3 49. Bd8 d4 0-1

[Event "Montebelluna op-B 5th"]
[Site "Montebelluna"]
[Date "2007.03.11"]
[Round "4"]
[White "De Nadai, Ruggero"]
[Black "Bianchin, Raffaele"]
[Result "0-1"]
[WhiteElo "1431"]
[BlackElo "1506"]
[PlyCount "156"]
[EventDate "2007.03.09"]
[EventType "swiss"]
[EventRounds "5"]
[EventCountry "ITA"]
[SourceTitle "EXT 2008"]
[Source "ChessBase"]
[SourceDate "2007.11.25"]
[SourceVersion "1"]
[SourceVersionDate "2007.11.25"]
[SourceQuality "1"]

1. e4 c5 2. Nf3 d6 3. d4 cxd4 4. Nxd4 Nf6 5. Nc3 Nc6 6. Bb5 Bd7 7. Nxc6 Bxc6 8. Bxc6+ bxc6 9. 0-0 g6 10. Bg5 Bg7 11. Qd2 0-0 12. Bh6 Qb6 13. Bxg7 Kxg7 14. Rab1 Qb4 15. Rfe1 Kg8 16. a3 Qb6 17. Qe3 Qxe3 18. Rxe3 Rab8 19. h3 Rfd8 20. g4 Nd7 21. f4 Nb6 22. b3 Rd7 23. Rd1 Kf8 24. Red3 Rbd8 25. a4 Nc8 26. Kf2 e6 27. e5 d5 28. Ne4 h6 29. Nc5 Re7 30. h4 Nb6 31. Ke3 Nd7 32. Kd4 Nxc5 33. Kxc5 Rc7 34. c3 Ke7 35. g5 h5 36. b4 Kd7 37. a5 Rb7 38. Kd4 Rb5 39. Ra1 Rc8 40. Ra4 c5+ 41. Ke3 cxb4 42. cxb4 Rc4 43. Rd4 Kc6 44. Kd3 Rxd4+ 45. Kxd4 Kd7 46. Ke3 Rb7 47. Kd4 Rc7 48. Ra2 Rc4+ 49. Ke3 Rxb4 50. Rc2 Rb5 51. Ra2 Kc6 52. Rc2+ Rc5 53. Ra2 Kb7 54. a6+ Kb6 55. Kd4 Rc4+ 56. Kd3 Kb5 57. Ra1 Rc6 58. Kd4 Rc4+ 59. Ke3 Ra4 60. Rc1 Kb6 61. Rc8 Rc4 62. Rf8 Rc7 63. Rb8+ Kxa6 64. Rb2 Rc5 65. Ra2+ Kb6 66. Rb2+ Rb5 67. Rc2 a5 68. Rc8 Rb3+ 69. Kd4 Rf3 70. Rb8+ Kc7 71. Rb5 Rxf4+ 72. Ke3 Rxh4 73. Rxa5 Kb6 74. Ra8 Re4+ 75. Kf3 Rxe5 76. Rf8 Rxg5 77. Rxf7 Rf5+ 78. Rxf5 exf5 0-1

[Event "Montebelluna op-B 5th"]
[Site "Montebelluna"]
[Date "2007.03.11"]
[Round "5"]
[White "Mancin, Michele"]
[Black "Bianchin, Raffaele"]
[Result "1-0"]
[WhiteElo "1626"]
[BlackElo "1506"]
[PlyCount "51"]
[EventDate "2007.03.09"]
[EventType "swiss"]
[EventRounds "5"]
[EventCountry "ITA"]
[SourceTitle "EXT 2008"]
[Source "ChessBase"]
[SourceDate "2007.11.25"]
[SourceVersion "1"]
[SourceVersionDate "2007.11.25"]
[SourceQuality "1"]

1. e4 c5 2. Nf3 d6 3. d4 cxd4 4. Nxd4 Nf6 5. Nc3 Nc6 6. Be3 e6 7. Be2 Be7 8. 0-0 0-0 9. Kh1 Qc7 10. f4 b6 11. Qe1 e5 12. fxe5 Nxe5 13. Nf5 Bxf5 14. exf5 Nc4 15. Bc1 d5 16. Bf3 Bd6 17. Nxd5 Nxd5 18. Bxd5 Bxh2 19. Bxa8 Rxa8 20. Qe4 Be5 21. Qxa8+ Qb8 22. Qxb8+ Bxb8 23. b3 Be5 24. Rb1 Nd6 25. Bf4 Bxf4 26. Rxf4 1-0

[Event "Treviso TWE op-B 30th"]
[Site "Treviso"]
[Date "2006.12.10"]
[Round "5.10"]
[White "Bianchin, Raffaele"]
[Black "Forato, Sergio Paolo"]
[Result "1/2-1/2"]
[WhiteElo "1500"]
[BlackElo "1787"]
[PlyCount "71"]
[EventDate "2006.12.08"]
[EventType "swiss"]
[EventRounds "5"]
[EventCountry "ITA"]
[SourceTitle "EXT 2024"]
[Source "ChessBase"]
[SourceDate "2023.10.10"]
[SourceVersion "1"]
[SourceVersionDate "2023.10.10"]
[SourceQuality "1"]

1. e4 c5 2. Nf3 Nc6 3. d4 cxd4 4. Nxd4 e5 5. Nf3 d6 6. Bc4 Be7 7. Nc3 h6 8. Be3 Nf6 9. 0-0 0-0 10. h3 Be6 11. Bxe6 fxe6 12. Ne1 d5 13. exd5 exd5 14. Ne2 Rc8 15. f4 e4 16. Nd4 Nxd4 17. Bxd4 Bc5 18. c3 Qb6 19. Rb1 Bxd4+ 20. Qxd4 Qxd4+ 21. cxd4 Rc7 22. g3 Rfc8 23. Ng2 Nh5 24. g4 Nf6 25. Ne3 Rd8 26. Rbc1 Rcd7 27. Nf5 Kh7 28. Rf2 Ng8 29. Rfc2 g6 30. Ne3 Ne7 31. Rc7 Kg7 32. Kf2 Kf6 33. Kg3 Nc6 34. Rxd7 Rxd7 35. Rc5 Ke6 36. f5+ 1/2-1/2